<?xml version="1.0" encoding="UTF-8"?><?xml-stylesheet type="text/xsl" href="static/style.xsl"?><OAI-PMH xmlns="http://www.openarchives.org/OAI/2.0/" xmlns:xsi="http://www.w3.org/2001/XMLSchema-instance" xsi:schemaLocation="http://www.openarchives.org/OAI/2.0/ http://www.openarchives.org/OAI/2.0/OAI-PMH.xsd"><responseDate>2026-04-13T01:15:39Z</responseDate><request verb="GetRecord" identifier="oai:www.recercat.cat:2117/396913" metadataPrefix="marc">https://recercat.cat/oai/request</request><GetRecord><record><header><identifier>oai:recercat.cat:2117/396913</identifier><datestamp>2026-02-02T04:55:58Z</datestamp><setSpec>com_2072_1033</setSpec><setSpec>col_2072_452950</setSpec></header><metadata><record xmlns="http://www.loc.gov/MARC21/slim" xmlns:dcterms="http://purl.org/dc/terms/" xmlns:xsi="http://www.w3.org/2001/XMLSchema-instance" xmlns:doc="http://www.lyncode.com/xoai" xsi:schemaLocation="http://www.loc.gov/MARC21/slim http://www.loc.gov/standards/marcxml/schema/MARC21slim.xsd">
   <leader>00925njm 22002777a 4500</leader>
   <datafield ind2=" " ind1=" " tag="042">
      <subfield code="a">dc</subfield>
   </datafield>
   <datafield ind2=" " ind1=" " tag="720">
      <subfield code="a">Hernández Ortega, Joaquín Alberto</subfield>
      <subfield code="e">author</subfield>
   </datafield>
   <datafield ind2=" " ind1=" " tag="720">
      <subfield code="a">Bravo Martínez, José Raúl</subfield>
      <subfield code="e">author</subfield>
   </datafield>
   <datafield ind2=" " ind1=" " tag="720">
      <subfield code="a">Ares de Parga Regalado, Sebastian</subfield>
      <subfield code="e">author</subfield>
   </datafield>
   <datafield ind2=" " ind1=" " tag="260">
      <subfield code="c">2024-01</subfield>
   </datafield>
   <datafield ind2=" " ind1=" " tag="520">
      <subfield code="a">We propose a method for finding optimal quadrature/cubature rules with positive weights for parameterized functions in 1D, 2D or 3D spatial domains. The method takes as starting point the values of the functions at the Gauss points of a finite element (FE) mesh of the spatial domain for a representative sample of input parameters, and then construct an elementwise continuous orthogonal basis for such functions using the truncated Singular Value Decomposition (SVD) along with element polynomial fitting. To avoid possible memory bottlenecks in computing the SVD, we propose a Sequential Randomized SVD (SRSVD) in which the matrix is provided in a column-partitioned format, and which uses randomization to accelerate the processing of each individual block. After computing the basis functions, the method determines an exact integration rule for such functions, featuring as many points as functions, and in which the points are selected among the Gauss points of the FE mesh. Finally, the desired optimal rule is obtained by an sparsification process in which the algorithm zeroes one weight at a time while readjusting the positions and weights of the remaining points so that the constraints of the problem are satisfied. We apply this methodology to multivariate polynomials in cartesian domains to demonstrate that the method is indeed able to produce optimal rules – i.e., Gauss product rules –, and to a 2-parameters, 3D sinusoidal–exponential function to illustrate the use of the SRSVD in scenarios in which the standard SVD cannot handle the operation because of memory limitations. Lastly, the fact that the method does not require the analytical expression of the integrand functions – just their values at the FE Gauss points – makes it suitable for dealing with the so-called hyperreduction of parameterized finite element models. We exemplify this by showing its performance in the derivation of low-dimensional surrogate models in the context of the multiscale FE method. The Matlab source codes of both the CECM and the SRSVD, along with the scripts for launching the numerical tests, are openly accessible in the public repository https://github.com/Rbravo555/CECM-continuous-empirical-cubature-method.</subfield>
   </datafield>
   <datafield ind2=" " ind1=" " tag="520">
      <subfield code="a">This work is sponsored in part by the Spanish Ministry of Economy and Competitiveness, through the Severo Ochoa Programme for Centres of Excellence in R&amp;D (CEX2018-000797-S)”. The authors acknowledge the support of the European High-Performance Computing Joint Undertaking (JU) under grant agreement No. 955558 (the JU receives, in turn, support from the European Union’s Horizon 2020 research and innovation programme and Spain, Germany, France, Italy, Poland, Switzerland, Norway), as well as the R&amp;D project PCI2021-121944, financed by MCIN/AEI/10.13039/501100011033 and by the “European Union NextGenerationEU/PRTR”. J.A. Hernández expresseses gratitude by the support of, on the one hand, the “MCIN/AEI/10.13039/501100011033/y por FEDER una manera de hacer Europa” (PID2021-122518OBI00), and, on the other hand, the European Union’s Horizon 2020 research and innovation programme under Grant Agreement No. 952966 (project FIBREGY). Lastly, both J.R. Bravo and S. Ares de Parga acknowledge the Departament de Recerca i Universitats de la Generalitat de Catalunya for the financial support through doctoral grants FI-SDUR 2020 and FI SDUR-2021, respectively.</subfield>
   </datafield>
   <datafield ind2=" " ind1=" " tag="520">
      <subfield code="a">Peer Reviewed</subfield>
   </datafield>
   <datafield ind2=" " ind1=" " tag="520">
      <subfield code="a">Postprint (author's final draft)</subfield>
   </datafield>
   <datafield tag="653" ind2=" " ind1=" ">
      <subfield code="a">Àrees temàtiques de la UPC::Enginyeria dels materials</subfield>
   </datafield>
   <datafield tag="653" ind2=" " ind1=" ">
      <subfield code="a">Finite element method</subfield>
   </datafield>
   <datafield tag="653" ind2=" " ind1=" ">
      <subfield code="a">Decomposition method</subfield>
   </datafield>
   <datafield tag="653" ind2=" " ind1=" ">
      <subfield code="a">Gaussian distribution</subfield>
   </datafield>
   <datafield tag="653" ind2=" " ind1=" ">
      <subfield code="a">Empirical Cubature Method</subfield>
   </datafield>
   <datafield tag="653" ind2=" " ind1=" ">
      <subfield code="a">Hyperreduction</subfield>
   </datafield>
   <datafield tag="653" ind2=" " ind1=" ">
      <subfield code="a">Reduced-order modeling</subfield>
   </datafield>
   <datafield tag="653" ind2=" " ind1=" ">
      <subfield code="a">Singular Value Decomposition</subfield>
   </datafield>
   <datafield tag="653" ind2=" " ind1=" ">
      <subfield code="a">Quadrature</subfield>
   </datafield>
   <datafield tag="653" ind2=" " ind1=" ">
      <subfield code="a">Elements finits, Mètode dels</subfield>
   </datafield>
   <datafield tag="653" ind2=" " ind1=" ">
      <subfield code="a">Descomposició, Mètode de</subfield>
   </datafield>
   <datafield tag="653" ind2=" " ind1=" ">
      <subfield code="a">Distribució de Gauss</subfield>
   </datafield>
   <datafield ind2="0" ind1="0" tag="245">
      <subfield code="a">CECM: a continuous empirical cubature method with application to the dimensional hyperreduction of parameterized finite element models</subfield>
   </datafield>
</record></metadata></record></GetRecord></OAI-PMH>